000 00424cam a2200181ua 4500
020 _c75.00
041 _aeng
_h
082 _a828.09
_bROG/SH
100 _aRoger, Neville .
245 _aShelly at work /
_cNeville Roger.
_hTextual Documents
250 _a2 /
_b.
260 _aOxford :
_bClarendon Press ,
_c1967.
300 _a357 ; .
365 _a75.00
504 _a
942 _cBK
999 _c5314
_d5314